[Event "NED-ch U13"]
[Site "Rijswijk"]
[Date "2006.05.27"]
[Round "9"]
[White "Beijerinck, Nick"]
[Black "Schonwetter, Wouter"]
[Result "1-0"]
[WhiteElo "1484"]
[BlackElo "1424"]
[PlyCount "61"]
[EventDate "2006.05.25"]
[EventType "swiss"]
[EventRounds "9"]
[EventCountry "NED"]
[SourceTitle "EXT 2009"]
[Source "ChessBase"]
[SourceDate "2008.11.26"]
[SourceVersion "1"]
[SourceVersionDate "2008.11.26"]
[SourceQuality "1"]

1. e4 e5 2. f4 d5 3. exd5 exf4 4. Nf3 Nf6 5. Bc4 Nxd5 6. 0-0 Be7 7. Qe2 0-0 8. Bxd5 Bc5+ 9. d4 Bxd4+ 10. Nxd4 Qxd5 11. Nf3 Bg4 12. Nc3 Bxf3 13. Qxf3 Qd4+ 14. Kh1 Nc6 15. Bxf4 Qb4 16. Bxc7 Qxb2 17. Nd5 Qxc2 18. Bd6 Rfd8 19. Qxf7+ Kh8 20. Bc7 Re8 21. Rae1 Rg8 22. Ne7 Nxe7 23. Rxe7 Qc6 24. Be5 Qh6 25. Rxb7 Rae8 26. Rb8 Rxb8 27. Bxb8 a5 28. Ba7 a4 29. Bc5 Qg5 30. Qxg8+ Kxg8 31. Rf8# 1-0

[Event "NED-ch U13"]
[Site "Rijswijk"]
[Date "2006.05.26"]
[Round "4"]
[White "Van Lit, Mats"]
[Black "Schonwetter, Wouter"]
[Result "1-0"]
[WhiteElo "1393"]
[BlackElo "1424"]
[PlyCount "93"]
[EventDate "2006.05.25"]
[EventType "swiss"]
[EventRounds "9"]
[EventCountry "NED"]
[SourceTitle "EXT 2009"]
[Source "ChessBase"]
[SourceDate "2008.11.26"]
[SourceVersion "1"]
[SourceVersionDate "2008.11.26"]
[SourceQuality "1"]

1. e4 e5 2. Nf3 Nc6 3. Bc4 Bc5 4. d3 Nf6 5. Nc3 d6 6. Be3 Bb6 7. h3 Be6 8. Bb3 0-0 9. g4 h6 10. Qe2 Nd7 11. Nd5 Bxd5 12. Bxd5 Bxe3 13. fxe3 Nb6 14. Bxc6 bxc6 15. 0-0-0 Rb8 16. h4 f6 17. Rdg1 Na4 18. b3 Nc3 19. Qh2 Nxa2+ 20. Kb2 Nb4 21. g5 fxg5 22. Qh3 gxh4 23. Nxh4 Qf6 24. Nf5 Kf7 25. Rxg7+ Ke8 26. Rxc7 Rf7 27. Rxf7 Kxf7 28. Nxh6+ Ke8 29. Nf5 d5 30. Qh8+ Qxh8 31. Rxh8+ Kd7 32. Rxb8 Na6 33. Rb7+ Ke6 34. Ng7+ Kd6 35. exd5 Kxd5 36. Rxa7 Nc5 37. Ra5 Kd6 38. Nf5+ Ke6 39. Rxc5 Kxf5 40. d4 Ke6 41. Rxe5+ Kd6 42. Kc3 Kc7 43. Kc4 Kb6 44. Re7 Ka5 45. Kc5 Ka6 46. Rf7 Ka5 47. Ra7# 1-0

[Event "NED-ch U13"]
[Site "Rijswijk"]
[Date "2006.05.25"]
[Round "2"]
[White "Bakker, Jouke"]
[Black "Schonwetter, Wouter"]
[Result "1-0"]
[WhiteElo "963"]
[BlackElo "1424"]
[PlyCount "99"]
[EventDate "2006.05.25"]
[EventType "swiss"]
[EventRounds "9"]
[EventCountry "NED"]
[SourceTitle "EXT 2009"]
[Source "ChessBase"]
[SourceDate "2008.11.26"]
[SourceVersion "1"]
[SourceVersionDate "2008.11.26"]
[SourceQuality "1"]

1. e4 e5 2. Nf3 Nc6 3. d4 exd4 4. Nxd4 Nf6 5. e5 Ng8 6. Nxc6 bxc6 7. Bc4 Bc5 8. Qf3 Qe7 9. 0-0 d5 10. exd6 Qxd6 11. Qxf7+ Kd8 12. Nc3 Qe7 13. Rd1+ Bd6 14. Qxe7+ Nxe7 15. Bf4 Kd7 16. Be5 Bb7 17. Bxg7 Rhe8 18. Be5 Rad8 19. Bxd6 cxd6 20. Re1 d5 21. Bd3 h6 22. Re2 Rg8 23. Rae1 Rde8 24. b4 d4 25. Na4 Nd5 26. Nc5+ Kc7 27. Rxe8 Rg5 28. Nxb7 Kxb7 29. R8e5 Rg4 30. b5 Nf4 31. bxc6+ Kxc6 32. Be4+ Kd6 33. Bf3 Rg7 34. g3 Nh3+ 35. Kg2 Ng5 36. h4 Nh7 37. Rd5+ Kc7 38. Be4 Re7 39. Kf1 Nf6 40. Rc5+ Kb8 41. Rb5+ Kc8 42. Bf5+ Kd8 43. Rb8+ Kc7 44. Rc8+ Kb7 45. Rxe7+ Ka6 46. Re6+ Ka5 47. Rxf6 a6 48. Rb8 h5 49. Ke2 Ka4 50. Rxa6# 1-0